[Event "QCD-Prof Lim Kok Ann GM 2018"]
[Site "Singapore"]
[Date "2018.06.08"]
[Round "2"]
[White "Lee, Qing Aun"]
[Black "Nguyen, Anh Dung"]
[Result "1/2-1/2"]
[WhiteElo "2339"]
[BlackElo "2465"]
[Annotator "TA"]
[PlyCount "106"]
[EventDate "2018.06.12"]
[EventType "tourn"]
[SourceTitle "playchess.com"]
[Source "ChessBase"]
[SourceQuality "1"]

{[%evp 18,106,51,14,16,13,26,12,29,24,40,19,20,14,15,18,15,12,23,-8,-8,-22,-17,-8,-14,-8,-8,0,0,-24,0,0,8,8,8,10,78,91,91,64,84,66,94,105,217,145,234,230,215,216,331,267,379,225,275,233,238,245,223,149,147,46,64,56,195,176,254,233,319,188,175,0,278,278,278,278,260,111,108,59,74,71,119,14,119,82,115,0,169,0,88]} 1. e4 c5 2. Nf3 Nc6 3. d4 cxd4 4. Nxd4 Qb6 5. Nb3 Nf6 6. Nc3 e6 7. Be3 Qc7 8. a3 a6 9. f4 d6 10. Bd3 b5 {B33: Sicilian: Pelikan and Sveshnikov Variations} 11. O-O (11. Qf3 Bb7 12. g4 Nd7 13. g5 Nc5 14. Qh3 b4 15. axb4 Nxb4 16. Nxc5 dxc5 {0-1 (115) Vovk,A (2633)-Pichot,A (2548) chess.com INT 2017}) 11... Bb7 12. Qf3 Be7 13. Rad1 b4 14. axb4 Nxb4 15. Qg3 $146 ({Predecessor:} 15. g4 d5 16. g5 dxe4 17. Nxe4 Nxe4 18. Bxe4 Bxe4 19. Qxe4 {0-1 (50) Amiridou,D (1664)-Skembris,S (2475) Vrachati 2011}) 15... Nxd3 16. cxd3 ({Of course not} 16. Rxd3 Bxe4 17. Nxe4 Nxe4 $17) 16... O-O 17. Rc1 {Hoping for Nd5.} Qd7 18. Nd2 d5 19. e5 Nh5 20. Qf2 f6 21. exf6 $1 Rxf6 {Threatening ...d4!} 22. d4 Bd6 {aiming for ...Nxf4.} 23. Qh4 Rh6 24. Qe1 Rf8 {[%cal Rh5f4]} 25. g3 Rg6 26. Ne2 $1 Bc6 (26... Bb4 $11 {keeps the balance.}) 27. Nf3 $16 Bb5 28. Ne5 $36 {[%mdl 2048] White is more active.} Bxe5 29. fxe5 {Strongly threatening Rxf8+.} Rxf1+ 30. Kxf1 Bc4 (30... h6 $16) 31. Kg2 Qb5 (31... Qd8 $16 {is a better defense.}) 32. Rc2 $18 Qb3 33. Qd2 Rg4 (33... Qb7 {was called for.} 34. Nc1 Qf7) 34. Rc3 Qb7 {[#]} (34... Qb5 $142) 35. Nc1 (35. b3 $142 $1 {[%mdl 512]}) 35... Re4 36. b3 Bb5 37. Nd3 Bxd3 38. Rxd3 h6 39. Kg1 (39. Qc2 $16) 39... Qf7 $14 40. Rc3 Qg6 ({Black should play} 40... g5 $1 $14) 41. Qf2 $1 $18 Kh7 (41... Qf5 $142 42. Rc8+ Kf7) 42. Kg2 Rg4 43. Qc2 (43. Rc8 $142) 43... Re4 44. Qf2 (44. Qd3 $142) 44... Rg4 $1 45. Qf3 Re4 46. h3 Qf5 47. Qxf5+ (47. g4 $18 Nf4+ 48. Kg3) 47... exf5 {[%mdl 4096] Endgame KRB-KRN} 48. Kf3 {Threatens to win with g4.} g5 49. g4 $1 {[%cal Rg4h5]} Ng7 {[#]} 50. Rc7 (50. Rc5 $1 $16 {[%cal Rc5d5]} fxg4+ 51. hxg4) 50... Kg8 (50... fxg4+ $1 $11 {remains equal.} 51. hxg4 Kg8) 51. Rc8+ Kf7 52. Rc7+ (52. Rd8 $16 fxg4+ 53. hxg4) 52... Kg8 $1 {[#]} 53. Rc8+ (53. Rd7 $1 $18 {[%cal Rd7d5]} fxg4+ 54. hxg4) 53... Kf7 $1 {Precision: White = 50%, Black = 54%.} 1/2-1/2

[Event "QCD-Prof Lim Kok Ann GM 2018"]
[Site "Singapore"]
[Date "2018.06.08"]
[Round "2"]
[White "Gong, Qianyun"]
[Black "Goh, Wei Ming Kevin"]
[Result "1/2-1/2"]
[WhiteElo "2300"]
[BlackElo "2477"]
[Annotator "TA"]
[PlyCount "94"]
[EventDate "2018.06.12"]
[EventType "tourn"]
[SourceTitle "playchess.com"]
[Source "ChessBase"]
[SourceQuality "1"]

{[%evp 23,94,20,14,0,36,25,45,29,37,25,17,6,10,2,57,31,66,65,72,70,70,67,70,70,70,72,67,66,161,103,115,97,104,109,129,110,129,61,102,65,96,75,112,99,162,118,137,127,141,114,141,114,106,107,87,112,143,127,124,69,69,69,69,69,70,75,87,0,0,0,85,0,0]} 1. e4 c5 2. Nf3 Nc6 3. Bb5 d6 4. O-O Bd7 5. Re1 Nf6 6. c3 a6 7. Bf1 Bg4 8. d3 e6 9. h3 {B51: Sicilian: Moscow Variation (3 Bb5+) without 3...Bd7} (9. Nbd2 Be7 10. h3 Bh5 11. g4 Bg6 12. Nh4 Nd7 13. Ng2 O-O 14. f4 h6 15. Nf3 Bh7 16. f5 Nde5 17. Nf4 Nxf3+ 18. Qxf3 Bh4 19. Rd1 b5 20. Qe2 {1-0 (65) Caruana,F (2774)-Gelfand,B (2755) Moscow 2013}) 9... Bh5 10. Bf4 Be7 11. Nbd2 O-O 12. g4 Bg6 {LiveBook: 7 Games} 13. Bg3 d5 $146 ({Predecessor:} 13... b5 14. Nh4 Nd7 15. Ng2 e5 16. Ne3 Re8 17. Nf5 {1-0 (82) Zhigalko,S (2587)-Anisimov,P (2488) Budva 2009}) 14. Nh4 dxe4 15. Nxg6 hxg6 16. dxe4 b5 17. a4 c4 18. Qc2 Bc5 ({Better is} 18... Qb6 $11) 19. b3 e5 20. axb5 axb5 21. Rxa8 Qxa8 22. bxc4 b4 $1 23. Nb3 $1 {[%cal Rb3c5]} Qa7 24. cxb4 Nxb4 25. Qb2 Re8 (25... Nc6 $14) 26. Nxc5 (26. Ra1 $18 Qe7 27. Nxc5 Qxc5 28. Ra4) 26... Qxc5 $16 27. Rb1 Nc6 {[#]} 28. Qb5 $1 {[%cal Rb5c5]} Qd6 29. c5 Qd7 30. Qd3 (30. g5 $16 Nd4 31. Qxd7 Nxd7 32. c6 Nxc6 33. Rb7) 30... Qe7 31. Rc1 Rd8 32. Qe3 Rd4 33. f3 Nd7 (33... Rd8 $16 34. Qc3 Ne8) 34. Bf2 Nf8 35. Bb5 Qb7 36. Bxc6 Qxc6 37. Qc3 Rd7 38. Qxe5 Ne6 39. Qb8+ Rd8 40. Qb6 Qa4 {[#] And now ...Qa3 would win.} 41. Be3 (41. Qb2 $16) 41... Rd1+ $14 42. Rxd1 $1 Qxd1+ 43. Kf2 {aiming for Qb2.} Qc2+ $1 44. Kg3 {Qb8+ is the strong threat.} Qc3 45. Kf2 ({White should try} 45. c6 $16) 45... Qc2+ $11 46. Kg3 (46. Ke1 $11) 46... Qc3 $1 $16 {[%cal Rc3e3]} 47. Kf2 (47. c6 $16) 47... Qc2+ {Precision: White = 42%, Black = 44%.} 1/2-1/2

[Event "QCD-Prof Lim Kok Ann GM 2018"]
[Site "Singapore"]
[Date "2018.06.08"]
[Round "3"]
[White "Gareyev, Timur"]
[Black "Munkhgal, Gombosuren"]
[Result "1-0"]
[WhiteElo "2611"]
[BlackElo "2435"]
[Annotator "TA"]
[PlyCount "65"]
[EventDate "2018.06.12"]
[EventType "tourn"]
[SourceTitle "playchess.com"]
[Source "ChessBase"]
[SourceQuality "1"]

{[%evp 21,65,26,29,18,19,7,36,18,21,0,0,0,0,0,0,0,5,-7,57,61,51,50,52,61,56,47,46,52,86,88,168,168,165,160,154,156,239,208,204,210,235,222,3570,4133,29991,29991]} 1. d4 e6 2. c4 Nf6 3. Nf3 Bb4+ 4. Nbd2 O-O 5. a3 Be7 6. g3 b6 7. Bg2 Bb7 8. b4 {E16: Queen's Indian: 4 g3 Bb7 5 Bg2 Bb4+} a5 $146 ({Predecessor:} 8... c5 9. bxc5 bxc5 10. e3 cxd4 11. exd4 Nc6 12. O-O Na5 13. Re1 Rc8 14. Bf1 Ba6 15. Qa4 Qc7 {½-½ (32) Nyzhnyk,I (2607)-Miroshnichenko,E (2620) Denizli 2013}) 9. b5 d5 10. O-O c5 11. Bb2 Nbd7 {LiveBook: 3 Games} 12. Rc1 Rc8 13. e3 Rc7 14. cxd5 Bxd5 15. Ne5 cxd4 16. Nc6 Bxc6 $1 17. bxc6 dxe3 18. fxe3 Nc5 19. Be5 Rc8 ({Better is} 19... Nd5 $11) 20. Nc4 $14 Nd5 {[#]} 21. c7 $1 {[%mdl 512]} Rxc7 (21... Nxc7 22. Nxb6) 22. Bxc7 Qxc7 23. Bxd5 exd5 24. Qxd5 a4 25. Rcd1 Bf6 (25... h6 $16) 26. e4 $18 {[%cal Be3e4,Be4e5][%mdl 32]} Ne6 27. e5 Be7 28. Nd6 $36 {[%mdl 2048] Keeping Black busy.} Ng5 (28... Qc2 $16 29. Kh1 Qb3) 29. Rc1 Qd7 30. h4 Ne6 31. Rc6 Nd4 $2 {[#]} (31... b5 32. Kh2 h6) 32. Rxf7 $1 {[%mdl 512]} Ne2+ 33. Kg2 {Precision: White = 62%, Black = 40%.} 1-0

[Event "QCD-Prof Lim Kok Ann GM 2018"]
[Site "Singapore"]
[Date "2018.06.08"]
[Round "3"]
[White "Batchuluun, Tsegmed"]
[Black "Liu, Xiangyi"]
[Result "1-0"]
[WhiteElo "2561"]
[BlackElo "2449"]
[Annotator "TA"]
[PlyCount "55"]
[EventDate "2018.06.12"]
[EventType "tourn"]
[SourceTitle "playchess.com"]
[Source "ChessBase"]
[SourceQuality "1"]

{[%evp 27,55,33,65,68,58,60,115,112,143,171,217,216,193,196,206,129,249,249,248,237,29979,29980,29971,29968,6728,3656,2300,2058,2037,2033]} 1. e4 e6 2. d4 d5 3. Nc3 Bb4 4. e5 c5 5. a3 Bxc3+ 6. bxc3 Ne7 7. Qg4 Qc7 8. Qxg7 Rg8 9. Qxh7 cxd4 10. Ne2 Nbc6 11. f4 dxc3 12. Qd3 Bd7 13. Qxc3 Nf5 14. Ng3 {C18: French: 3 Nc3 Bb4: Main line: 7 h4 and 7 Qg4} (14. Rb1 Rc8 15. Bd2 b6 16. g3 d4 17. Qd3 Nce7 18. Nxd4 Nxd4 19. Qxd4 Qc6 20. Rg1 Nf5 21. Qd3 Qc5 22. Rg2 a5 23. Rb3 {1-0 (51) Muzychuk,A (2576)-Socko,M (2479) Heraklio 2017}) 14... d4 {LiveBook: 3 Games} 15. Qc4 Nxg3 16. hxg3 {White is slightly better.} O-O-O $146 {[#]} (16... Rc8 $14) ({Predecessor:} 16... Rc8 17. Rh3 Qb6 18. Qb3 Qxb3 19. cxb3 Ne7 20. Bb2 Nf5 21. Bd3 Bc6 {1-0 (44) Hayes,M (2119)-Vasseur,O (2129) ICCF email 2017}) 17. Kf2 $1 $16 {[%cal Be1f2,Bf2g1,Bg1h2][%mdl 32]} f6 18. exf6 Rg6 19. Rh7 Rxf6 20. Bd3 e5 21. Kg1 {Hoping for fxe5.} Qa5 {[#]} (21... Re8 $16 {is a better defense.}) 22. fxe5 $1 $18 Qe1+ 23. Kh2 Be6 $2 {[#]} (23... Qxe5 $18 24. Rb1 Rdf8) 24. Qxc6+ $1 {[%mdl 512]} bxc6 25. Ba6+ Kb8 26. Rb1+ {White is clearly winning.} Ka8 27. Bb7+ Kb8 28. exf6 {Precision: White = 80%, Black = 30%.} 1-0

[Event "QCD-Prof Lim Kok Ann GM 2018"]
[Site "Singapore"]
[Date "2018.06.08"]
[Round "3"]
[White "Goh, Wei Ming Kevin"]
[Black "Tin, Jingyao"]
[Result "1-0"]
[WhiteElo "2477"]
[BlackElo "2445"]
[Annotator "TA"]
[PlyCount "89"]
[EventDate "2018.06.12"]
[EventType "tourn"]
[SourceTitle "playchess.com"]
[Source "ChessBase"]
[SourceQuality "1"]

{[%evp 22,89,43,35,35,41,42,27,29,45,75,70,70,59,78,71,71,57,81,54,56,56,55,64,70,68,104,92,95,91,88,88,117,52,436,278,264,243,466,431,449,425,378,308,606,547,2148,964,1835,1628,3218,2864,29975,29974,29984,29985,29985,29986,29993,6287,29989,6279,5773,6024,5369,5314,5314,5306,5297,2482]} 1. e4 e5 2. Nf3 Nc6 3. Bc4 Nf6 4. d3 Be7 5. O-O O-O 6. Re1 d6 7. a4 Na5 8. Ba2 {C55: Two Knights: 4 d3, 4 d4 exd4 5 e5 and Max Lange Attack} c5 9. c3 Nc6 10. Na3 h6 11. Bd2 Re8 12. Nc2 {LiveBook: 4 Games} Be6 $146 ({Predecessor:} 12... Bf8 13. b4 cxb4 14. cxb4 Be6 15. Bxe6 Rxe6 {½-½ (75) Dastan,B (2519)-Negi,P (2670) Khanty-Mansiysk 2017}) 13. Bxe6 fxe6 14. b4 cxb4 15. cxb4 {[%cal Bc3b4,Bb4b5][%mdl 32]} Qd7 16. b5 Nd8 17. Na3 Nf7 18. Nc4 Nh7 19. Bc3 Nhg5 20. Nfd2 Bf6 21. h4 Nh7 22. Nf3 $36 {[%mdl 2048] White fights for an advantage.} Rac8 23. g3 g6 24. Qd2 Bg7 25. Qe3 b6 26. a5 Qxb5 27. axb6 ({White should play} 27. Reb1 $16 Qc5 28. Qxc5 (28. axb6 Qxe3 29. Nxe3 axb6 $14) 28... Rxc5 29. axb6 axb6 30. Rxb6) 27... d5 $2 {[%mdl 8192]} (27... axb6 $14 28. Ra7 Red8) 28. b7 Qxb7 29. Rxa7 Qb8 $2 (29... Qxa7 {was worth a try.} 30. Qxa7 dxc4 31. dxc4 Rxc4) 30. Rxf7 $18 Kxf7 31. Bxe5 Bxe5 32. Ncxe5+ Kg7 $2 (32... Kg8 33. Qxh6 Qc7 34. exd5 (34. Nxg6 dxe4 35. Rxe4 Qc1+ 36. Qxc1 Rxc1+ 37. Kg2 Nf6 $18) 34... exd5 35. Qxg6+ Qg7) 33. Ng4 Qb2 34. Qxh6+ (34. Qa7+ $142 Kh8 35. Nfe5) 34... Kh8 35. Nfe5 {Threatening mate with Nf6.} Rc7 36. exd5 {White wants to mate with Nf6.} Qb4 37. Re4 Qb2 38. Kg2 Qc1 39. Rf4 Qc3 40. Nxg6+ Kg8 41. Nf6+ (41. N6e5 $142 Qxe5 42. Nxe5 Rg7 43. dxe6 Nf8 {[#]} 44. Rxf8+ $1 {[%mdl 512]} Rxf8 45. Ng6 Rxg6 46. Qxg6+ Kh8 47. Qh6+ Kg8 48. e7) 41... Qxf6 {White is clearly winning.} 42. Rxf6 Nxf6 43. Qh8+ Kf7 44. Ne5+ Ke7 {[#]} 45. d6+ $1 {Precision: White = 57%, Black = 32%.} 1-0

[Event "QCD-Prof Lim Kok Ann GM 2018"]
[Site "Singapore"]
[Date "2018.06.08"]
[Round "3"]
[White "Nguyen, Anh Dung"]
[Black "Gong, Qianyun"]
[Result "1/2-1/2"]
[WhiteElo "2465"]
[BlackElo "2300"]
[Annotator "TA"]
[PlyCount "56"]
[EventDate "2018.06.12"]
[EventType "tourn"]
[SourceTitle "playchess.com"]
[Source "ChessBase"]
[SourceQuality "1"]

{[%evp 19,56,-10,10,8,3,3,11,2,18,-6,0,-35,-38,-29,-13,-36,-37,-38,-28,-41,-26,-32,-42,-43,-38,-81,-46,-109,-96,-99,-110,-89,-102,-145,-80,-138,0,-118,0]} 1. d4 Nf6 2. c4 e6 3. Nf3 b6 4. g3 Bb7 5. Bg2 g6 6. O-O Bg7 7. Nc3 Ne4 {E16: Queen's Indian: 4 g3 Bb7 5 Bg2 Bb4+} 8. Bd2 O-O 9. Qc2 (9. Nxe4 Bxe4 10. Bc3 c5 11. Rc1 Nc6 12. e3 Qc7 13. Qd2 Qb7 14. Ne1 cxd4 15. exd4 Ne7 {½-½ (43) Lenic,L (2662)-Vachier Lagrave,M (2789) chess.com INT 2018}) 9... Nxd2 10. Qxd2 d6 {LiveBook: 7 Games} 11. Rfd1 Nd7 12. Rac1 Qe7 13. b4 Rad8 $146 ({Predecessor:} 13... Rfd8 14. e4 c5 15. bxc5 bxc5 {1-0 (54) Ari,Z (2192)-Kinsiz,O (2250) Kocaeli 2015}) 14. Qc2 c5 15. bxc5 bxc5 16. e3 Nb6 17. Na4 Bc6 $36 {[%mdl 2048] Black has good play.} 18. Nxb6 axb6 19. Ne1 Bxg2 20. Kxg2 cxd4 21. exd4 d5 22. c5 Qc7 23. c6 (23. cxb6 $15 Qxb6 24. Nf3) 23... Rd6 $17 24. Nd3 Bxd4 25. Qa4 Bg7 26. Nb4 {[#]} Rc8 ({Better is} 26... Rdd8 $1 27. Na6 Qa7) 27. Qa6 (27. Qb5 $142) 27... Rb8 ({Black should play} 27... Rdd8 $17 28. Qb7 Bb2) 28. Qb5 (28. Qa3 $11 Rc8 29. Na6) 28... Rc8 {Precision: White = 31%, Black = 50%.} ({Black should try} 28... Ra8 $17 29. Na6 Qd8) 1/2-1/2

[Event "QCD-Prof Lim Kok Ann GM 2018"]
[Site "Singapore"]
[Date "2018.06.08"]
[Round "3"]
[White "Sukandar, Irine Kharisma"]
[Black "Lee, Qing Aun"]
[Result "1-0"]
[WhiteElo "2396"]
[BlackElo "2339"]
[Annotator "NA"]
[PlyCount "79"]
[EventDate "2018.06.12"]
[EventType "tourn"]
[SourceTitle "playchess.com"]
[Source "ChessBase"]
[SourceQuality "1"]
[TimeControl "5400+30"]

1. e4 {[%emt 0:00:18]} c5 {[%emt 0:00:47]} 2. Nf3 {[%emt 0:00:28]} e6 {[%emt 0:00:16]} 3. d4 {[%emt 0:00:18]} cxd4 {[%emt 0:00:17]} 4. Nxd4 {[%emt 0:00:06]} Nf6 {[%emt 0:00:17]} 5. Nc3 {[%emt 0:00:33]} Bb4 {[%emt 0:00:18]} 6. e5 {[%emt 0:00:22]} Nd5 {[%emt 0:00:10] LiveBook: 267 Games} 7. Qg4 {[%emt 0:00:20]} g6 {[%emt 0:00:23]} 8. Ndb5 {[%emt 0:01:09] B40: Sicilian: 2...e6, Unusual lines} (8. Bd2 f5 9. exf6 Nxf6 10. Qh4 O-O 11. O-O-O Be7 12. Bg5 d5 13. Bd3 Nc6 14. Rhe1 Nxd4 15. Qxd4 Bd7 16. f4 a6 17. f5 gxf5 18. Bxf5 Ne4 19. Bxe7 Qxe7 20. Bxe4 {1-0 (20) Novikov,S (2540)-Gheng,J (2334) Schwaebisch Gmuend 2018}) 8... Nc6 {[%emt 0:01:01]} 9. Qg3 {[%emt 0:04:45]} O-O {[%emt 0:01:28]} 10. a3 {[%emt 0:07:49]} Qa5 {[%emt 0:11:52] [#]} 11. Bd2 $1 {[%emt 0:05:14]} a6 {[%emt 0:05:25]} 12. Rc1 {[%emt 0:02:31]} Bxc3 $1 {[%emt 0:04:48]} 13. Nxc3 {[%emt 0:00:17]} Qc7 $1 {[%emt 0:00:20]} 14. Bh6 $146 {[%emt 0:11:11]} ({Predecessor:} 14. Ne4 Qxe5 15. Qxe5 Nxe5 {½-½ (38) Drude,D (2111)-Buhle,G (1996) GER email 2011}) 14... Rd8 {[%emt 0:16:30]} 15. Bg5 {[%emt 0:04:04]} Rf8 $1 {[%emt 0:01:19] [#]} 16. f4 {[%emt 0:04:04]} (16. Ne4 $1 $16) 16... f6 {[%emt 0:10:25]} 17. Nxd5 {[%emt 0:02:58]} Qa5+ {[%emt 0:00:48]} 18. b4 {[%emt 0:07:07]} Qxd5 {[%emt 0:00:09]} 19. Bxf6 {[%emt 0:00:20]} Qe4+ {[%emt 0:04:19]} 20. Kd1 {[%emt 0:00:42]} d6 {[%emt 0:02:37]} 21. Bd3 {[%emt 0:00:28]} Qd4 {[%emt 0:00:59]} 22. h4 {[%emt 0:07:15]} dxe5 {[%emt 0:02:11]} 23. fxe5 {[%emt 0:00:15]} Rxf6 {[%emt 0:00:09]} 24. exf6 {[%emt 0:00:07]} e5 {[%emt 0:00:04]} 25. h5 {[%emt 0:07:04]} Bg4+ {[%emt 0:02:36]} 26. Ke1 {[%emt 0:00:28]} e4 {[%emt 0:00:39]} 27. f7+ {[%emt 0:18:21]} Kf8 {[%emt 0:05:48]} 28. Be2 {[%emt 0:01:30]} e3 {[%emt 0:02:19]} 29. Rd1 {[%emt 0:01:34]} Qc3+ {[%emt 0:04:07]} 30. Kf1 {[%emt 0:00:02]} Bxe2+ {[%emt 0:04:11]} 31. Kxe2 {[%emt 0:00:01]} Nd4+ {[%emt 0:00:11]} 32. Rxd4 {[%emt 0:00:06]} Qxd4 {[%emt 0:00:05]} 33. Rd1 {[%emt 0:07:14]} Qe4 $16 {[%emt 0:09:14]} 34. Rd3 {[%emt 0:02:09]} Rc8 {[%emt 0:00:19]} 35. Qd6+ {[%emt 0:00:35]} Kg7 {[%emt 0:00:31]} 36. h6+ {[%emt 0:00:14]} Kxf7 {[%emt 0:03:05]} 37. Qd7+ {[%emt 0:00:05]} Kf6 {[%emt 0:00:03]} 38. Qxc8 {[%emt 0:00:44]} Qxg2+ {[%emt 0:00:10]} 39. Kxe3 {[%emt 0:00:05]} Qh3+ {[%emt 0:00:07]} 40. Qxh3 {[%emt 0:00:06]} 1-0

[Event "QCD-Prof Lim Kok Ann GM 2018"]
[Site "Singapore"]
[Date "2018.06.09"]
[Round "4"]
[White "Gareyev, Timur"]
[Black "Goh, Wei Ming Kevin"]
[Result "1/2-1/2"]
[WhiteElo "2611"]
[BlackElo "2477"]
[Annotator "TA"]
[PlyCount "31"]
[EventDate "2018.06.12"]
[EventType "tourn"]
[SourceTitle "playchess.com"]
[Source "ChessBase"]
[SourceQuality "1"]

{[%evp 19,31,35,29,25,45,0,0,0,0,0,0,0,0,0]} 1. e4 e6 2. d4 d5 3. Nc3 Bb4 4. e5 c5 5. a3 Bxc3+ 6. bxc3 Ne7 7. Qg4 cxd4 8. Qxg7 Rg8 9. Qxh7 Qc7 10. Ne2 Nbc6 11. h4 {C18: French: 3 Nc3 Bb4: Main line: 7 h4 and 7 Qg4} (11. f4 dxc3 12. Nxc3 Nd4 13. Bb2 Bd7 14. O-O-O Qb6 15. Qd3 Ndf5 16. Rd2 Rc8 17. g3 Ne3 18. Ne4 Rxc2+ 19. Rxc2 dxe4 20. Qxe4 Nxc2 21. Qxc2 {½-½ (31) Giri,A (2752)-Carlsen,M (2834) Wijk aan Zee 2018}) 11... dxc3 12. Bg5 {Black must now prevent Bf6.} Qxe5 {The position is equal.} 13. Bf4 $146 ({Predecessor:} 13. f4 Qe3 14. Rd1 e5 15. Qd3 Qxd3 16. Rxd3 e4 17. Rxc3 d4 18. Rb3 Be6 19. Rxb7 {1-0 (32) Berg,E (2551)-Gdanski,J (2474) Sweden 2017}) 13... Qf6 14. Bg5 $1 {[%cal Rg5f6]} Qe5 15. Bf4 Qf6 16. Bg5 1/2-1/2

[Event "QCD-Prof Lim Kok Ann GM 2018"]
[Site "Singapore"]
[Date "2018.06.09"]
[Round "4"]
[White "Tin, Jingyao"]
[Black "Nguyen, Anh Dung"]
[Result "1-0"]
[WhiteElo "2445"]
[BlackElo "2465"]
[Annotator "TA"]
[PlyCount "83"]
[EventDate "2018.06.12"]
[EventType "tourn"]
[SourceTitle "playchess.com"]
[Source "ChessBase"]
[SourceQuality "1"]

{[%evp 18,83,23,-14,37,43,70,69,72,53,79,79,218,204,206,196,225,247,271,262,294,243,247,250,276,271,315,322,386,379,391,393,385,387,461,475,624,606,577,516,563,555,776,713,758,740,616,843,848,836,807,787,1126,1126,1135,1135,1135,1110,1127,1127,1711,1161,5285,3060,29987,29988,29991,430]} 1. d4 d5 2. Nf3 Nf6 3. c4 c6 4. e3 Bf5 5. Nc3 e6 6. Nh4 Bg6 7. Nxg6 hxg6 8. Bd2 {D12: Slav Defence: 3 Nf3 Nf6 4 e3 Bf5} Nbd7 9. Qc2 Bd6 10. O-O-O {LiveBook: 13 Games. White has an edge.} a6 ({Better is} 10... Ng4 $11 11. Be1 O-O) 11. Kb1 $14 b5 $146 ({Predecessor:} 11... Ng4 12. Bc1 f5 13. f3 Rxh2 14. Rxh2 Nxh2 15. Be2 Qh4 16. cxd5 exd5 {1-0 (29) Sethuraman,S (2656)-Vernay,C (2507) Biel 2016}) 12. c5 Bc7 13. Bd3 Ng4 14. Bc1 {[%cal Bd2c1,Bc1f4,Bf4g3][%mdl 32]} f5 {[#]} (14... Ngf6 $16) 15. f3 $1 $18 {[%cal Rf3g4]} Ngf6 16. e4 Kf7 17. e5 Ng8 18. g4 Qh4 19. Bf4 ({Less strong is} 19. gxf5 gxf5 20. Ne2 Ne7 $16) 19... Nf8 20. Bg3 Qh6 21. Ne2 Bd8 22. h4 g5 23. gxf5 exf5 24. Bxf5 gxh4 25. f4 {[%cal Bf3f4,Bf4f5][%mdl 32]} Qh5 26. Bd3 Nh6 27. f5 Ng4 {intending ...Ne3.} 28. Qd2 Ra7 29. Rdg1 Ke8 30. Nf4 Qg5 31. Bh2 Nxh2 32. Rxg5 {[#] Rh5 is the strong threat.} Nf3 33. Qg2 Nxg5 34. Qg4 Rf7 35. Rxh4 Rxh4 36. Qxh4 Nge6 37. Qf2 Nxf4 38. Qxf4 Ne6 39. Qg4 Ng5 40. e6 Rc7 41. Qh5+ Kf8 42. Qh8+ {Precision: White = 79%, Black = 17%.} 1-0

[Event "QCD-Prof Lim Kok Ann GM 2018"]
[Site "Singapore"]
[Date "2018.06.09"]
[Round "4"]
[White "Munkhgal, Gombosuren"]
[Black "Liu, Xiangyi"]
[Result "1-0"]
[WhiteElo "2435"]
[BlackElo "2449"]
[Annotator "TA"]
[PlyCount "57"]
[EventDate "2018.06.12"]
[EventType "tourn"]
[SourceTitle "playchess.com"]
[Source "ChessBase"]
[SourceQuality "1"]

{[%evp 15,57,47,54,40,54,54,54,54,56,61,52,2,18,0,0,0,0,0,0,-4,9,0,0,-30,73,0,69,65,192,201,190,188,199,208,208,207,474,387,484,462,651,629,714,687]} 1. d4 Nf6 2. c4 e6 3. Nc3 Bb4 4. Qc2 O-O 5. e4 Bxc3+ 6. bxc3 d6 {E32: Nimzoindisch (4.Dc2)} 7. Bd3 e5 8. Ne2 Nc6 {LiveBook: 4 Partien. Weiß steht etwas besser.} 9. Rb1 Re8 $146 ({Vorgänger:} 9... b6 10. O-O Bg4 11. f3 Bh5 12. Bg5 h6 13. Bh4 g5 14. Bf2 {1-0 (36) Grinev,V (2379)-Bilokha,S (2218) Myrhorod 2011}) 10. O-O Qe7 11. f3 {[%cal Bf2f3,Bf3f4][%mdl 32]} b6 12. Be3 Na5 13. Bg5 h6 $1 {[%cal Rh6g5]} 14. Bxf6 (14. Bh4 {with more complications.} g5 15. Bf2 Nh5 16. Ng3 Nf4 17. Rfe1) 14... Qxf6 15. f4 Qe7 16. Ng3 f6 17. Qe2 Be6 18. h3 Rad8 19. Kh2 Qd7 (19... c6 $11 {hält das Gleichgewicht.}) 20. Rf3 ({Besser ist} 20. fxe5 $1 $16 fxe5 21. d5) 20... exd4 (20... Bf7 $11) 21. cxd4 $14 {zielt auf d5 ab.} d5 (21... Kh8 $14) 22. cxd5 $18 Bxd5 {[#]} 23. Re3 $1 Bf7 24. d5 {[%cal Bd4d5,Bd5c6][%mdl 32]} c6 {[#]} 25. Rc1 $1 Qd6 $2 (25... Qc7 26. Qf2 c5) 26. e5 fxe5 27. Nf5 {Weiß steht klar auf Gewinn.} Qf8 (27... Qb4 $142 28. dxc6 Rxd3) 28. dxc6 Be6 29. Rxe5 {Precision: Weiß = 66%, Schwarz = 36%.} 1-0